| 000 | 00470nam a2200181Ia 4500 | ||
|---|---|---|---|
| 005 | 20250423094504.0 | ||
| 008 | 250422s9999 xx 000 0 und d | ||
| 020 | _a9789781755057 | ||
| 050 | _aHF 5351 .A38/ | ||
| 100 | _aAhukannah, L. I. | ||
| 245 | 0 | _aApplied office administrative procedures and business communication | |
| 260 | _aOnitsha | ||
| 260 | _bAfricana First Publishers PLC | ||
| 260 | _c2009 | ||
| 300 | _a363 p | ||
| 650 | _aBusines | ||
| 942 | _cBK | ||
| 999 |
_c27385 _d27385 |
||